| 000 | 00539nam a22001937a 4500 | ||
|---|---|---|---|
| 005 | 20130830123040.0 | ||
| 010 | _aENG-108357 | ||
| 020 | _c200.00 | ||
| 035 | _aEN-91890 | ||
| 037 | _bDBAD/PUB | ||
| 082 | _a510.3 | ||
| 100 | _aAnjana | ||
| 245 |
_aSupreme dictionary of mathematics / _cby Anjana [and] Yadav |
||
| 260 |
_aDelhi _bKalra Publications _c2010-11 |
||
| 270 |
_a2619-20/3, New Market, Nai Sarak, _bDelhi _e110006 |
||
| 300 |
_a272p. : _c22cm(Hb) _bill. |
||
| 700 | _aYadav | ||
| 942 |
_2ddc _cEN _mANJ _h510.3 |
||
| 999 |
_c78771 _d78771 |
||